000 01021cam a2200229 4500
001 ABS66476
008 030306n2003 000 0 eng u
035 _a(Sirsi) u121558
100 _aWillis, B.
245 _aUnderspending: a Regeneration and Renewal special report
260 _c2003
490 _aRegeneration and Renewal
_v14 February 2003, 21-24(4)
520 _aMany of the regeneration partnerships and agencies in the UK have underspent their funds and are coming under pressure from government to spend. This confirms "Regeneration and Renewal" research from last year highlighting 30% of Regional Development Agencies' (RDAs) budgets had been spent by the first two quarters of 2002-03. Hull is given as an example where spending on housing is badly needed and being delayed.
590 _aABS
650 _aREGENERATION
650 _aFUNDS
650 _aUNDERSPENDING
650 _aREGIONAL DEVELOPMENT AGENCIES
650 _aNEW DEAL FOR COMMUNITIES
690 _aREGENERATION
942 _n0
999 _c72255
_d72255